000 00818nmm a2200253 a 4500
001 ocm000709015
003 TR-IsHL
005 20201028142757.0
008 140118s2005 tu tur
007 cr cn
035 _a709015
_b(N$T)
050 0 4 _aDS51.K6
_bÖ97 2005
090 0 4 _aDS51.K6
_bÖ97 2005
100 1 _aÖztürk, Kazım
245 1 0 _aKonya'daki semt ve mahalle adları
_h[electronic resource] /
_cKazım Öztürk
260 _aKonya :
_bTablet Kitabevi,
_c2005
300 _a298 p.
650 4 _aTarih
650 4 _aHistory
650 0 _aEndowments
_x Konya
_x Turkey
650 0 _aVakıflar
_x Konya
_x Türkiye
650 7 _aHISTORY / Middle East / Turkey & Ottoman Empire
_2bisacsh
856 4 0 _uhttp://search.ebscohost.com/login.aspx?direct=true&scope=site&db=e011xww&AN=709015
999 _c8538
_d8538